00722nam a22002411a 450000100060000000300080000600500170001400800410003103500190007203500140009104000270010504100080013208200150014024500600015526000310021530000180024649000330026450400200029750500220031765000600033970000420039983000390044119487BD-RjUL20211209000435.0140224s1959 enk 001 0 eng d a(BD-RjUL)19547 a(BD-RjUL) aANLbengcANLdBD-RjUL aeng a822.3bMIN00aMinor Elizabethan drama /cintrod. by Ashley Thorndike. aLondon :bDent,c1958-1967 a v. ;c18 cm.0 aEveryman's libraryv491, 492 aIncludes index.01aVol. 1 -- V. 2 -- 0aEnglish dramayEarly modern and Elizabethan, 1500-1600.1 aThorndike, Ashley Horace,d1871-1933. aEveryman's library, vno. 491-492.